[Event "ARG-ch U16"]
[Site "Villa Martelli"]
[Date "2018.02.09"]
[Round "1.2"]
[White "Orozco, Cristian"]
[Black "Suarez, Mauricio Josue"]
[Result "0-1"]
[WhiteElo "1524"]
[BlackElo "2063"]
[PlyCount "78"]
[EventDate "2018.02.09"]
[EventType "swiss"]
[EventRounds "9"]
[EventCountry "ARG"]
[SourceTitle "EXT 2024"]
[Source "ChessBase"]
[SourceDate "2023.10.10"]
[SourceVersion "1"]
[SourceVersionDate "2023.10.10"]
[SourceQuality "1"]

1. d4 Nf6 2. c4 e6 3. Nc3 d5 4. cxd5 exd5 5. Bg5 Be7 6. e3 0-0 7. Bd3 Nbd7 8. Nf3 Re8 9. Qc2 c6 10. Rb1 a5 11. a3 Nf8 12. 0-0 g6 13. Rfc1 Ne6 14. Bh4 Ng7 15. b4 axb4 16. axb4 Bf5 17. Bxf5 Nxf5 18. Bxf6 Bxf6 19. b5 Nd6 20. bxc6 bxc6 21. Nd2 Qa5 22. Ra1 Qxa1 23. Rxa1 Rxa1+ 24. Ncb1 Rea8 25. g3 R8a2 26. Qxc6 Rxd2 27. Qxd6 Rxb1+ 28. Kg2 Kg7 29. Qxd5 Rbb2 30. Qf3 Rxf2+ 31. Qxf2 Rxf2+ 32. Kxf2 Kf8 33. Kf3 Ke7 34. Ke4 Ke6 35. g4 Bd8 36. d5+ Kd6 37. Kf4 Kxd5 38. e4+ Kd4 39. g5 Bc7+ 0-1